Primetime Emmy Award Winners for Outstanding Lead Actress in a Comedy - Statistics

General Stats
  • This quiz has been taken 1,584 times
    443 since last reset
  • The average score is 38 of 66
Answer Stats
Year TV Show Actress % Correct
2002 Friends Jennifer Aniston
92%
2006 The New Adventures of Old Christine Julia Louis-Dreyfus
91%
2012 Veep Julia Louis-Dreyfus
91%
2013 Veep Julia Louis-Dreyfus
91%
2014 Veep Julia Louis-Dreyfus
91%
2015 Veep Julia Louis-Dreyfus
91%
2016 Veep Julia Louis-Dreyfus
91%
2017 Veep Julia Louis-Dreyfus
91%
1952 I Love Lucy Lucille Ball
87%
1955 I Love Lucy Lucille Ball
87%
1967 The Lucy Show Lucille Ball
87%
1968 The Lucy Show Lucille Ball
87%
2008 30 Rock Tina Fey
87%
1964 The Dick Van Dyke Show Mary Tyler Moore
86%
1966 The Dick Van Dyke Show Mary Tyler Moore
86%
1973 The Mary Tyler Moore Show Mary Tyler Moore
86%
1974 The Mary Tyler Moore Show Mary Tyler Moore
86%
1976 The Mary Tyler Moore Show Mary Tyler Moore
86%
2004 Sex and the City Sarah Jessica Parker
86%
1986 The Golden Girls Betty White
84%
1993 Roseanne Roseanne Arnold
79%
2011 Mike & Molly Melissa McCarthy
67%
1996 Mad About You Helen Hunt
66%
1997 Mad About You Helen Hunt
66%
1998 Mad About You Helen Hunt
66%
1999 Mad About You Helen Hunt
66%
1961 The Barbara Stanwyck Show Barbara Stanwyck
65%
1983 Cheers Shelley Long
65%
1977 Maude Bea Arthur
64%
1988 The Golden Girls Bea Arthur
64%
2007 Ugly Betty America Ferrera
63%
2010 Nurse Jackie Edie Falco
62%
1991 Cheers Kirstie Alley
62%
1989 Murphy Brown Candice Bergen
60%
1990 Murphy Brown Candice Bergen
60%
1992 Murphy Brown Candice Bergen
60%
1994 Murphy Brown Candice Bergen
60%
1995 Murphy Brown Candice Bergen
60%
2003 Will & Grace Debra Messing
60%
2020 Schitt's Creek Catherine O'Hara
57%
2019 Fleabag Phoebe Waller-Bridge
54%
2005 Desperate Housewives Felicity Huffman
49%
2021 Hacks Jean Smart
46%
2022 Hacks Jean Smart
46%
2000 Everybody Loves Raymond Patricia Heaton
46%
2001 Everybody Loves Raymond Patricia Heaton
46%
2018 The Marvelous Mrs. Maisel Rachel Brosnahan
42%
2009 United States of Tara Toni Collette
39%
1987 The Golden Girls Rue McClanahan
36%
1971 All in the Family Jean Stapleton
35%
1972 All in the Family Jean Stapleton
35%
1978 All in Family Jean Stapleton
35%
1984 Kate & Allie Jane Curtin
30%
1985 Kate & Allie Jane Curtin
30%
1975 Rhoda Valerie Harper
27%
1982 Taxi Carol Kane
21%
1981 The Jeffersons Isabel Sanford
19%
1962 Hazel Shirley Booth
14%
1963 Hazel Shirley Booth
14%
1969 The Ghost and Mrs. Muir Hope Lange
10%
1970 The Ghost and Mrs. Muir Hope Lange
10%
1980 Soap Cathryn Damon
8%
1959 Father Knows Best Jane Wyatt
8%
1960 Father Knows Best Jane Wyatt
8%
1979 Taxi Ruth Gordon
8%
1956 Caesar's Hour Nanette Fabray
5%
No matching quizzes found
Score Distribution
Percent of People with Each Score
Percentile by Number Answered
Your Score History
You have not taken this quiz since the last reset